| 000 | 00584nam a2200217 a 4500 | ||
|---|---|---|---|
| 001 | BRCA_6647 | ||
| 005 | 20190320205536.0 | ||
| 008 | 111011s1910----gw-ab#####---#000-0#ger-# | ||
| 041 | _ager | ||
| 044 | _agw | ||
| 050 | 4 |
_aDB16 _b.B34 1910 |
|
| 100 | 1 |
_aBaedeker, Karl _914886 |
|
| 245 | 1 | 0 |
_aÔsterreich _cKarl Baedeker. |
| 260 |
_aLeipzig _bKarl Baedeker _c1910 |
||
| 300 |
_axx, 377 p. _bil., mapas _c16 cm. |
||
| 500 | _aIncluye índice alfabético | ||
| 500 | _aL150 | ||
| 651 | 4 |
_aAustria _vGuías de viajeros _xDescripción y viajes _916647 |
|
| 902 | _aGFM | ||
| 942 |
_2lcc _cB |
||
| 999 |
_c6331 _d6331 |
||